Catalog

Record Details

Catalog Search



Anatomie des SS-Staates / von Hans Buchheim ... [et al.]

Buchheim, Hans (Author).

Record details

  • Physical Description: 684 s.
  • Edition: 6. Aufl.
  • Publisher: München : Deutscher Taschenbuch Verlag, 1994

Available copies

  • 1 of 1 copy available at Common Catalog SPOK.

Holds

  • 0 current holds with 1 total copy.
Show All Copies
Location Call Number / Copy Notes Barcode Shelving Location Status Due Date
Terezin Initiative Institute 514 4594300514 Knihovna ITI Available -

LDR 00584nam a2200205 4500
00125402
003CZ-PrJAB
00520230206120233.0
008020208s1994 gw gr 0 ger
020 . ‡z3-423-4637-6
035 . ‡a(CONS)205
035 . ‡a(CZ PrSKC)000026816
040 . ‡aABA007
080 . ‡a343.819.5"1939/1945"
080 . ‡a355.318(430)"1939/1945"
24500. ‡aAnatomie des SS-Staates / ‡cvon Hans Buchheim ... [et al.]
250 . ‡a6. Aufl.
260 . ‡aMünchen : ‡bDeutscher Taschenbuch Verlag, ‡c1994
300 . ‡a684 s.
4900 . ‡aBeck-Wirtschaftsberater im dtv; ‡v4637
7001 . ‡aBuchheim, Hans ‡4aut
8524 . ‡bJACH-ITI ‡bJACH-ITI ‡cKnihovna ITI ‡j514 ‡p514 ‡y$0.00
910 . ‡aABE340 ‡b514
995 . ‡askok
901 . ‡a25402 ‡bSystem ‡c25402 ‡tbiblio

Additional Resources